Datum a čas kvízu
31.5
Celkem bodů
Celkový počet nahraných bodů na tomto kvízu bez doplňovacích otázek.
5.
Pořadí na kvízu
Konečné umístění týmu na tomto kvízu.
Zaznamenané odpovědi
| # | Otázka | Odpověď | Body | Výsledky |
|---|---|---|---|---|
| 1. | V pátek bylo překlenuto Labe p... | Pardubice | 1 | |
| 2. | Elon Musk si mimo jiné dal za... | vlastním spermatem | 1 | |
| 3. | Na obrázku vidíme Kenzu Laili,... | účastnice byly vytvořeny umělou inteligencí (AI) | 1 | |
| 4. | Čínské úřady tento týden přist... | A) hadů | 1 | |
| 5. | Která 34letá úspěšná česká spo... | Petra Kvitová | 1 | |
| 6. | Které tvrzení o starokladrubsk... | B | 0 | |
| 7. | Ze kterého prostředí pochází k... | A | 1 | |
| 8. | Kterým jedenáctipísmenným slov... | hipoterapie | 1 | |
| 9. | Kam byste správně koni umístil... | A | 1 | |
| 10. | Koně jsou s člověkem spojení j... | Moravskoslezský kraj | 0 |